| 000 | 00449nam a22001817a 4500 | ||
|---|---|---|---|
| 003 | CEME | ||
| 005 | 20210628203702.0 | ||
| 008 | 210318b xxu||||| |||| 00| 0 eng d | ||
| 040 | _c. | ||
| 082 | _a005.133 TRA'C | ||
| 100 |
_aTraister, Robert.J _962946 |
||
| 245 | _aConquering c ++ pointers | ||
| 250 | _a2ND | ||
| 260 |
_aBOSTON _bACADEMIC PRESS _c1994 |
||
| 300 | _aXII,179P | ||
| 650 |
_aCONQUERING C ++ POINTERS _966837 |
||
| 942 |
_cBK _2ddc |
||
| 999 |
_c574724 _d574724 |
||